| 000 | 00595nam a2200205Ii 4500 | ||
|---|---|---|---|
| 001 | 16573 | ||
| 003 | CO-ViMGA | ||
| 008 | 241108s9999||||xx |||||||||||||| ||und|| | ||
| 020 | _a9789588257846 | ||
| 040 |
_aCO-ViMGA _bspa _erda _cCO-ViMGA |
||
| 041 | 0 | _aspa | |
| 082 | 0 | 4 | _a808.831 V25 |
| 245 | 1 | 0 | _aLos años de madurez |
| 264 | 1 | _aBogotá, Colombia : Instituto Distrital de Cultura y Turismo, 2012 | |
| 300 | _avolumen | ||
| 336 |
_atext _btxt _2rdacontent |
||
| 337 |
_aunmediated _bn _2rdamedia |
||
| 338 |
_avolume _bnc _2rdacarrier |
||
| 940 | _aidficha_siabuc: 16242. -- ficha_no_siabuc:16573 | ||
| 999 |
_c48997 _d48997 |
||